| 000 | 00482nam a2200181Ia 4500 | ||
|---|---|---|---|
| 005 | 20250508155818.0 | ||
| 008 | 008 250505s9999 xx 000 0 eng d | ||
| 037 | _aBooks to be hide in OPAC | ||
| 040 |
_aFEDL _beng _cFEDL |
||
| 041 |
_aeng _2eng |
||
| 084 |
_aF, COW/O _qFEDL |
||
| 100 |
_aCowper W M _9767549 |
||
| 245 | 0 | _aDiverting history john gilpin | |
| 300 | _a27p. | ||
| 700 |
_a Decott R Cal _9767550 |
||
| 942 |
_cHB _hF, COW/O |
||
| 999 |
_c1359396 _d1359396 |
||